| 000 | 00872nam a2200205Ii 4500 | ||
|---|---|---|---|
| 003 | JO-AjNU | ||
| 008 | 230605s9999||||xx |||||||||||||| ||und|| | ||
| 040 |
_aJO-AjNU _bara _erda _cJO-AjNU |
||
| 041 | _aara | ||
| 050 | 1 | 4 | _aBP166.I242.I24 1999 |
| 100 | 3 |
_aتاليف الحنبلي، عبد الرحمن بن حسين بن محمد بن عبد الوهاب النجدي؛ تحقيق ووخرج احاديثة بشير محمد عيون, _eauthor _962092 |
|
| 245 | 0 | 0 | _aكتاب التوحيد وقرة عيون الموحدين في تحقيق دعوة الانبياء والمرسلين |
| 250 | _aط4 | ||
| 264 | 3 | 1 | _aدمشق: دار البيان، 1999 |
| 300 | _a278ص | ||
| 336 |
_atext _btxt _2rdacontent |
||
| 337 |
_aunmediated _bn _2rdamedia |
||
| 338 |
_avolume _bnc _2rdacarrier |
||
| 650 | 4 |
_aعلم الكلام-العقيدة الاسلامية _962093 |
|
| 999 |
_aA28099 _c31667 _d31667 |
||